Statistiques concernant Pays dont le nom se termine par "AN"

Cliquez ici pour prendre le quiz!

Statistiques générales

  • Ce quiz a été pris 214 fois
    (173 depuis la dernière actualisation)
  • Le résultat moyen est 11 sur 15

Statistiques - réponses

Nom du pays% Correct
9Ouzbékistan
93%
1Afghanistan
92%
10Pakistan
91%
14Turkménistan
91%
12Tadjikistan
86%
5Kazakhstan
80%
6Kirghizistan
80%
4Iran
77%
7Liban
77%
2Azerbaïdjan
74%
8Oman
69%
3Bhoutan
66%
11Soudan
56%
13Taiwan
51%
15Vatican
50%

Distribution des résultats

Percentile par nombre de réponses

% des personnes avec chaque résultat

Votre développement - résultats

Vous n’avez pas pris ce quiz depuis la dernière actualisation